000 005840000a22001810004500
003 MACL
005 20160609163600.0
008 160609b xxu||||| |||| 00| 0 eng d
040 _aMACL
_cMACL
041 _aHindi
082 _a910
100 _aवशिष्‍ठ, सुदर्शन
_957810
245 _aकैलास पर चॉदनी
_cसुदर्शन वशिष्‍ठ
260 _aदिल्‍ली
_bहिमाचल पुस्‍तक भण्‍डार
_c1993
350 _a75
650 _aTravel
_963633
942 _cHIN
_k910
_2ddc
999 _c47124
_d47124